[Event "ROM-ch U16"]
[Site "Calimanesti"]
[Date "2014.04.13"]
[Round "9"]
[White "Mamele, Stefan Bogdan"]
[Black "Timofciuc, Sebastian"]
[Result "1-0"]
[WhiteElo "1588"]
[BlackElo "1493"]
[PlyCount "114"]
[EventDate "2014.04.06"]
[EventType "swiss"]
[EventRounds "9"]
[EventCountry "ROU"]
[SourceTitle "CBM 160 Extra"]
[Source "ChessBase"]
[SourceDate "2014.07.01"]
[SourceVersion "1"]
[SourceVersionDate "2014.07.01"]
[SourceQuality "1"]

1. e4 c5 2. Nf3 d6 3. d4 cxd4 4. Nxd4 Nf6 5. Nc3 a6 6. Be3 e6 7. Bc4 Be7 8. Qd2 Nc6 9. f3 Qc7 10. Bb3 Ne5 11. 0-0-0 Nc4 12. Bxc4 Qxc4 13. Nb3 Nd7 14. Qd4 Qxd4 15. Nxd4 Ne5 16. h3 Bd7 17. b3 Rc8 18. Kb2 0-0 19. f4 Nc6 20. g4 Bf6 21. g5 Bxd4 22. Bxd4 e5 23. fxe5 dxe5 24. Bc5 Be6 25. Bxf8 Kxf8 26. Ne2 Ke7 27. c3 f6 28. gxf6+ gxf6 29. Rhg1 Kf7 30. Rg3 Rg8 31. Rxg8 Kxg8 32. Rg1+ Kf7 33. h4 Nb8 34. Ng3 Bg4 35. Nf5 Bxf5 36. exf5 Nc6 37. Kc2 Ne7 38. Rf1 Nd5 39. Kd2 Ke7 40. h5 Nf4 41. h6 Nh3 42. Ke3 Ng5 43. a4 Kd6 44. Rd1+ Kc7 45. b4 b6 46. c4 Nf7 47. Rg1 Kd6 48. Rh1 Ng5 49. Rd1+ Kc7 50. c5 bxc5 51. bxc5 Nf7 52. Ke4 Kc6 53. Rg1 Kxc5 54. Rg7 Nxh6 55. Rxh7 Nxf5 56. Kxf5 Kb4 57. Rh4+ Ka5 1-0

[Event "ROM-ch U16"]
[Site "Calimanesti"]
[Date "2014.04.12"]
[Round "8"]
[White "Ionita, Marius Mihai"]
[Black "Timofciuc, Sebastian"]
[Result "0-1"]
[WhiteElo "1001"]
[BlackElo "1493"]
[PlyCount "96"]
[EventDate "2014.04.06"]
[EventType "swiss"]
[EventRounds "9"]
[EventCountry "ROU"]
[SourceTitle "CBM 160 Extra"]
[Source "ChessBase"]
[SourceDate "2014.07.01"]
[SourceVersion "1"]
[SourceVersionDate "2014.07.01"]
[SourceQuality "1"]

1. e4 c5 2. Nc3 Nc6 3. g3 d6 4. Bg2 Nf6 5. f4 Bg4 6. Nf3 Nd4 7. 0-0 Qc8 8. f5 g6 9. h3 Nxf3+ 10. Bxf3 Bxh3 11. Re1 gxf5 12. d4 fxe4 13. Nxe4 Nxe4 14. Rxe4 Bf5 15. Re2 e6 16. Bf4 Be7 17. c4 0-0 18. Be4 Bg4 19. dxc5 Bxe2 20. Qxe2 e5 21. Bh6 Qh3 22. Bxf8 Qxg3+ 23. Qg2 Qxg2+ 24. Bxg2 Rxf8 25. Bxb7 dxc5 26. Rd1 Rd8 27. Re1 f6 28. Be4 Rd2 29. Rb1 h5 30. a3 a5 31. Bf3 h4 32. Rd1 Rxb2 33. Rd7 Kf8 34. Ra7 Rb3 35. Ra8+ Kg7 36. Rxa5 Rxf3 37. a4 Ra3 38. Ra7 Kf7 39. a5 f5 40. a6 Ra2 41. Ra8 h3 42. Rh8 Rxa6 43. Rxh3 Rg6+ 44. Kf2 Ke6 45. Rb3 Bd6 46. Kf3 e4+ 47. Ke3 Rg3+ 48. Kf2 Rxb3 0-1

[Event "ROM-ch U16"]
[Site "Calimanesti"]
[Date "2014.04.06"]
[Round "1"]
[White "Timofciuc, Sebastian"]
[Black "Gheorghe, Darius Daniel"]
[Result "0-1"]
[WhiteElo "1493"]
[BlackElo "1950"]
[PlyCount "84"]
[EventDate "2014.04.06"]
[EventType "swiss"]
[EventRounds "9"]
[EventCountry "ROU"]
[SourceTitle "CBM 160 Extra"]
[Source "ChessBase"]
[SourceDate "2014.07.01"]
[SourceVersion "1"]
[SourceVersionDate "2014.07.01"]
[SourceQuality "1"]

1. d4 Nf6 2. Nf3 d6 3. Bf4 g6 4. e3 Bg7 5. h3 0-0 6. Be2 Nfd7 7. c3 e5 8. dxe5 dxe5 9. Bg5 f6 10. Qb3+ Kh8 11. Bh4 Qe7 12. 0-0 g5 13. Bg3 f5 14. Bh2 c5 15. Na3 e4 16. Nd2 Ne5 17. Nac4 Be6 18. Qc2 Nbc6 19. Bxe5 Nxe5 20. Rfd1 Rad8 21. Nxe5 Bxe5 22. Nc4 Bb8 23. Rxd8 Rxd8 24. Rd1 Rxd1+ 25. Qxd1 Qc7 26. g3 f4 27. gxf4 gxf4 28. exf4 Qxf4 29. Qd8+ Kg7 30. Qe7+ Bf7 31. Bg4 h5 32. Be6 Qh2+ 33. Kf1 Qh1+ 34. Ke2 Qf3+ 35. Ke1 Qf6 36. Qxf7+ Qxf7 37. Bxf7 Kxf7 38. Nd2 Bf4 39. Nxe4 c4 40. b3 cxb3 41. axb3 b6 42. Ke2 Ke6 0-1

[Event "ROM-ch U16"]
[Site "Calimanesti"]
[Date "2013.04.08"]
[Round "9"]
[White "Timofciuc, Sebastian"]
[Black "Mihaly, Zsolt"]
[Result "0-1"]
[WhiteElo "1034"]
[BlackElo "1657"]
[PlyCount "48"]
[EventDate "2013.04.02"]
[EventType "swiss"]
[EventRounds "9"]
[EventCountry "ROU"]
[SourceTitle "CBM 153 Extra"]
[Source "ChessBase"]
[SourceDate "2013.04.22"]
[SourceVersion "1"]
[SourceVersionDate "2013.04.22"]
[SourceQuality "1"]

1. d4 Nf6 2. Nf3 g6 3. Bf4 d5 4. e3 Bg7 5. c4 c5 6. Nc3 Qa5 7. Qa4+ Qxa4 8. Nxa4 cxd4 9. Nxd4 Bd7 10. Nc3 Nc6 11. Nxc6 Bxc6 12. Be5 dxc4 13. Bxc4 Bxg2 14. Rg1 Bc6 15. Nb5 0-0 16. 0-0-0 Ne4 17. Bxg7 Kxg7 18. Rgf1 a6 19. Nd4 Rac8 20. Kb1 Ba4 21. b3 Nc3+ 22. Kc1 Nxd1 23. Rxd1 b5 24. bxa4 Rxc4+ 0-1

[Event "ROM-ch U16"]
[Site "Calimanesti"]
[Date "2013.04.06"]
[Round "7"]
[White "Jakab, Nandor"]
[Black "Timofciuc, Sebastian"]
[Result "1-0"]
[WhiteElo "1660"]
[BlackElo "1034"]
[PlyCount "87"]
[EventDate "2013.04.02"]
[EventType "swiss"]
[EventRounds "9"]
[EventCountry "ROU"]
[SourceTitle "CBM 153 Extra"]
[Source "ChessBase"]
[SourceDate "2013.04.22"]
[SourceVersion "1"]
[SourceVersionDate "2013.04.22"]
[SourceQuality "1"]

1. e4 c5 2. Nf3 d6 3. d4 cxd4 4. Nxd4 Nf6 5. Nc3 a6 6. Be2 e5 7. Nb3 Be6 8. Be3 Nbd7 9. 0-0 Be7 10. Kh1 0-0 11. f4 Bxb3 12. axb3 Qc7 13. Qe1 Nc5 14. Bf3 Qc6 15. Rd1 Rad8 16. f5 h6 17. Bc1 Kh8 18. Nd5 Nxd5 19. Rxd5 Nd7 20. c3 Nf6 21. Rd1 Rd7 22. g4 Kg8 23. h4 Nh7 24. Qg3 f6 25. Rf2 Qc7 26. Rh2 Qb6 27. b4 Re8 28. Rg1 Qd8 29. Be2 d5 30. exd5 b5 31. Bf3 Bd6 32. Be4 Be7 33. Qf3 Rd6 34. Be3 Rd7 35. Qf2 Qc8 36. Qe2 Rc7 37. Rd1 Rc4 38. Qf3 Bd6 39. Rg1 Be7 40. Rd2 Rd8 41. Qg2 Kh8 42. Qf3 Kg8 43. d6 Rxd6 44. Rxd6 1-0